[Event "IV Open"]
[Site "Bogota COL"]
[Date "2009.11.01"]
[Round "7"]
[White "Marrero Lopez,Yan"]
[Black "Univio Sanchez,G"]
[Result "1-0"]
[WhiteElo "2241"]
[BlackElo "2003"]

1.e4 g6 2.d4 Bg7 3.Nc3 d6 4.f4 e6 5.Nf3 Ne7 6.Bd3 Nbc6 7.Be3 a6 8.O-O e5
9.fxe5 dxe5 10.d5 Nd4 11.Ne2 Nxf3+ 12.Rxf3 O-O 13.Qd2 f5 14.Bh6 fxe4 15.Bxe4 Rxf3
16.Bxf3 Qf8 17.Bxg7 Qxg7 18.d6 cxd6 19.Qxd6 Kh8 20.Qd8+ Ng8 21.Bd5 h6 22.Rf1 Be6
23.Qxa8 Bxd5 24.Nc3 Bc6 25.Qf8 Qd7 26.Qc5 Qg7 27.Re1 e4 28.Nxe4 Qxb2 29.Qc3+  1-0

[Event "13th OIBM"]
[Site "Bad Wiessee GER"]
[Date "2009.11.02"]
[Round "3"]
[White "Koepke,C"]
[Black "Wunder,S"]
[Result "1-0"]
[WhiteElo "2365"]
[BlackElo "2132"]

1.e4 g6 2.d4 Bg7 3.Nc3 d6 4.Be3 a6 5.h4 h5 6.Nh3 Bg4 7.Qd2 Bxh3 8.Rxh3 Nd7
9.O-O-O Bh6 10.f4 Ngf6 11.f5 Bxe3 12.Rxe3 Ng4 13.Ree1 c6 14.fxg6 fxg6 15.Be2 Nh6
16.e5 Nf8 17.d5 dxe5 18.Bf3 Qc7 19.dxc6 bxc6 20.Qe2 Nf7 21.Qc4 Rc8 22.Qxa6 Ne6
23.Qc4 Nd4 24.Be4 Nf5 25.Qe6 Rh6 26.Bxf5 gxf5 27.Qxf5 Rb8 28.Rf1 e6 29.Qf3 Rb4
30.Ne4 Rd4 31.Rxd4 exd4 32.Ng5  1-0

[Event "13th OIBM"]
[Site "Bad Wiessee GER"]
[Date "2009.11.03"]
[Round "5"]
[White "Schmitz,Ti"]
[Black "Szenetra,W"]
[Result "0-1"]
[WhiteElo "1864"]
[BlackElo "2255"]

1.e4 g6 2.d4 Bg7 3.Nc3 d6 4.Be3 a6 5.Qd2 Nd7 6.f3 b5 7.h4 Bb7 8.h5 c5 9.h6 Bf8
10.g4 cxd4 11.Bxd4 e5 12.Be3 Ne7 13.Bh3 b4 14.Nd5 Nxd5 15.exd5 Qa5 16.g5 Nb6
17.Bxb6 Qxb6 18.Ne2 Be7 19.Ng3 Qd4 20.Qxd4 exd4 21.f4 Bxd5 22.Rh2 f5 23.Bg2 Bxg2
24.Rxg2 d5 25.O-O-O Kd7 26.Rxd4 Kc6 27.Re2 Rhe8 28.Kd1 Bc5 29.Rd3 Rxe2 30.Kxe2 Re8+
31.Kf1 Be3 32.Rxe3 Rxe3 33.Kf2 d4 34.Nf1 Re7 35.Nd2 Kd5 36.Nf3 Re4 37.Kg3 Re3
38.Kg2 Ke4 39.Ne5 Kxf4 40.Nd3+ Rxd3 41.cxd3 Ke3 42.Kg3 f4+ 43.Kg2 Ke2  0-1

[Event "Casino GM"]
[Site "Barcelona ESP"]
[Date "2009.11.04"]
[Round "3"]
[White "Alsina Leal,D"]
[Black "Almeida Quintana,O"]
[Result "1-0"]
[WhiteElo "2523"]
[BlackElo "2542"]

1.e4 g6 2.d4 Bg7 3.Nc3 d6 4.f4 Nc6 5.Nf3 Bg4 6.Be3 Bxf3 7.gxf3 d5 8.Bb5 e6
9.Qd2 Ne7 10.O-O-O Qd6 11.f5 gxf5 12.Rhg1 Ng6 13.h4 h5 14.Bg5 Kf8 15.exf5 exf5
16.Bxc6 Qxc6 17.Qd3 Qd7 18.Ne2 Re8 19.Ng3 Qa4 20.Kb1 f4 21.Nf5 Re6 22.Rde1 Rxe1+
23.Rxe1 Qd7 24.Rg1 a6 25.a3 Kg8 26.c3 Kh7 27.Bxf4 Re8 28.Ng3 Bf6 29.Nxh5 Bxh4
30.Bc1 Kh8 31.Rh1 Qe7 32.Qd2 Qf8 33.Nf4 Qg7 34.Nxg6+ Qxg6+ 35.Ka2 Qh7 36.Qf4  1-0

[Event "13th OIBM"]
[Site "Bad Wiessee GER"]
[Date "2009.11.05"]
[Round "7"]
[White "Schellmann,F"]
[Black "Szenetra,W"]
[Result "0-1"]
[WhiteElo "2158"]
[BlackElo "2255"]

1.e4 g6 2.d4 Bg7 3.Nc3 d6 4.Be3 a6 5.f4 e6 6.Nf3 Ne7 7.Bd3 Nd7 8.O-O c5 9.f5 cxd4
10.fxe6 dxe3 11.exd7+ Bxd7 12.Qe2 Bh6 13.e5 d5 14.Rae1 Qb6 15.Nd1 d4 16.c4 a5
17.b3 O-O 18.Nb2 Qc5 19.Bb1 Nc6 20.Na4 Qa7 21.h3 Bg7 22.Rd1 Bxe5 23.Nxe5 Nxe5
24.Rf4 Bxa4 25.bxa4 Rad8 26.Kh1 Qc5 27.Bd3 f5 28.Rb1 Nxd3 29.Qxd3 Qe5 30.Rh4 e2
31.Qd2 Rfe8 32.Re1 d3  0-1

[Event "13th OIBM"]
[Site "Bad Wiessee GER"]
[Date "2009.11.05"]
[Round "7"]
[White "Demir,B"]
[Black "Frick,C"]
[Result "0-1"]
[WhiteElo "2160"]
[BlackElo "2255"]

1.e4 g6 2.d4 Bg7 3.Nc3 d6 4.f4 a6 5.Nf3 b5 6.Bd3 Nd7 7.e5 Nh6 8.a4 b4 9.Ne4 O-O
10.O-O c5 11.exd6 cxd4 12.Bd2 a5 13.dxe7 Qxe7 14.Re1 Bb7 15.h3 Nf5 16.Ng3 Ne3
17.Qe2 Rfe8 18.Nf1 Rad8 19.Nxd4 Bxd4 20.Bxe3 Bxb2 21.Rad1 Nc5 22.Bb5 Rxd1
23.Rxd1 Rc8 24.Kh2 Rc7 25.Ng3 h5 26.Qd2 h4 27.Qd8+ Qxd8 28.Rxd8+ Kg7 29.Ne2 Ne6
30.Rd2 Be4 31.Bd3 Bxd3 32.cxd3 Bc1 33.Nxc1 Rxc1 34.d4 Rc3 35.Bf2 b3 36.d5 Rc2
37.Rxc2 bxc2 38.Be3 Nc5 39.d6 Kf6 40.d7 Nxd7 41.Kg1 Nc5 42.Kf1  0-1

[Event "13th OIBM"]
[Site "Bad Wiessee GER"]
[Date "2009.11.06"]
[Round "8"]
[White "Quinn,Joh"]
[Black "Seyb,D"]
[Result "1/2-1/2"]
[WhiteElo "2161"]
[BlackElo "2266"]

1.d4 g6 2.e4 Bg7 3.Nc3 d6 4.Nf3 Nf6 5.Bd3 O-O 6.O-O Bg4 7.h3 Bxf3 8.Qxf3 Nc6
9.Be3 Nd7 10.Ne2 Nb4 11.Rfd1 c5 12.c3 Nxd3 13.Rxd3 Rc8 14.Rad1 Qa5 15.a3 Rc7
16.Ng3 cxd4 17.cxd4 Rfc8 18.h4 h5 19.Bg5 Nf8 20.e5 dxe5 21.d5 Nh7 22.d6 exd6
23.Rxd6 Nxg5 24.hxg5 Rc1 25.Ne4 Qc7 26.Kh2 Rxd1 27.Qxd1 Qc1 28.Rd8+ Bf8 29.Qxc1 Rxc1
30.Rd7  1/2-1/2

[Event "TCh-AUT 2009-10"]
[Site "Jenbach AUT"]
[Date "2009.11.06"]
[Round "1"]
[White "Atlas,V"]
[Black "Kurnosov,I"]
[Result "1/2-1/2"]
[WhiteElo "2427"]
[BlackElo "2666"]

1.e4 g6 2.d4 Bg7 3.Nc3 d6 4.g3 Nc6 5.d5 Ne5 6.f4 Nd7 7.Bg2 c6 8.Be3 Ngf6
9.Nge2 O-O 10.O-O Ng4 11.Bd4 Bxd4+ 12.Qxd4 Qb6 13.Nd1 Nc5 14.Kh1 Bd7 15.c4 cxd5
16.exd5 Rfc8 17.h3 Nf6 18.Ne3 Nce4 19.Rad1 Qxd4 20.Rxd4 Nc5 21.Nc3 h5 22.b4 Na4
23.Nxa4 Bxa4 24.g4 hxg4 25.hxg4 Bd7 26.Bf3 b5 27.g5 Nh5 28.Bxh5 gxh5 29.Re1 Rab8
30.cxb5 Rxb5 31.a4 Rb7 32.b5 a6 33.bxa6 Ra7 34.Nc4 Bg4 35.Na5 Rc2 36.Nc6 Rxa6
37.Nxe7+ Kf8 38.Nc6 Rb6 39.Nb4 Rb2 40.Nd3 Rd2 41.Rb4 Rxb4 42.Nxb4 h4 43.Re3 h3
44.a5 Rb2 45.Nd3 Ra2 46.a6 Rxa6 47.Nf2 Bf5 48.Nxh3 Ra5 49.Kg2 Rxd5 50.Ng1 Rd1
51.Nf3 d5 52.Kf2 Be4 53.Ke2 Rh1 54.Rb3 Kg7 55.Nd4 Rh2+ 56.Ke3 Rh3+ 57.Kf2 Rh2+
58.Ke3 Rh3+  1/2-1/2

[Event "13th OIBM"]
[Site "Bad Wiessee GER"]
[Date "2009.11.07"]
[Round "9"]
[White "Mons,L"]
[Black "Frick,C"]
[Result "1-0"]
[WhiteElo "2144"]
[BlackElo "2255"]

1.e4 g6 2.d4 Bg7 3.Nc3 d6 4.f4 a6 5.Nf3 b5 6.Bd3 Nd7 7.Be3 Bb7 8.e5 Nh6 9.Be4 Qc8
10.a3 O-O 11.O-O e6 12.h3 f5 13.Bxb7 Qxb7 14.Bf2 Nb6 15.exd6 cxd6 16.Re1 Rfe8
17.Ng5 e5 18.d5 exf4 19.Rxe8+ Rxe8 20.Bd4 Nc4 21.Bxg7 Qxg7 22.Ne6 Qe5 23.Qe2 Nxb2
24.Qxe5 dxe5 25.Nc7 Rc8 26.d6 Nf7 27.N3d5 Nxd6 28.Ne7+ Kf7 29.Nxc8 Nxc8 30.Nxa6 Nd6
31.Nc5 g5 32.a4 bxa4 33.Nxa4 Nbc4 34.Nc5 h5 35.Ra7+ Kf6 36.Ra6 e4 37.Nd3 Ke6
38.h4 exd3 39.cxd3 Ne5 40.hxg5 Ke7 41.Ra7+ Kf8 42.Ra6 Ke7 43.Ra7+ Ke6 44.Ra6 Ng4
45.g6 Ke7 46.g7 Nh6 47.Kf2 Ng8 48.Kf3 Ne8 49.Kxf4 Nxg7 50.Ke5 Kf7 51.d4 Ne7
52.Ra7 Kf8 53.d5 h4 54.Rb7 Ke8 55.d6 Ng6+ 56.Kf6 Nh5+ 57.Kxg6 Nf4+ 58.Kf6 Nxg2
59.d7+ Kd8 60.Ke6  1-0

[Event "TCh-SLO East 1st League"]
[Site "Sentjur SLO"]
[Date "2009.11.07"]
[Round "7"]
[White "Rogulj,B"]
[Black "Slogar,D"]
[Result "0-1"]
[WhiteElo "2453"]
[BlackElo "2330"]

1.e4 g6 2.d4 Bg7 3.Nc3 d6 4.f4 Nf6 5.e5 Nfd7 6.Nf3 c5 7.exd6 O-O 8.Be3 exd6
9.Qd2 Nc6 10.O-O-O Qa5 11.g4 Nf6 12.h3 b6 13.f5 Re8 14.Bg2 Bb7 15.Rhe1 b5
16.g5 Nd7 17.f6 Bf8 18.Kb1 b4 19.Ne2 Nb6 20.Nf4 Nc4 21.Qf2 Rab8 22.Bc1 Rxe1
23.Qxe1 Nxd4 24.Nxd4 cxd4 25.Bxb7 Rxb7 26.Qe4 d5 27.Qxd5 Qxd5 28.Nxd5 Bc5
29.Re1 Bf8 30.Nf4 Na3+ 31.bxa3 bxa3+ 32.Ka1 Rb8 33.Bxa3 Bxa3 34.Nd3 Rb5 35.Re5 Rxe5
36.Nxe5 Kf8 37.Nf3  0-1

[Event "Las Americas Open"]
[Site "Medellin COL"]
[Date "2009.11.13"]
[Round "3"]
[White "Tovio,I"]
[Black "Sanabria Rangel,S"]
[Result "0-1"]
[WhiteElo "2299"]
[BlackElo "2187"]

1.e4 g6 2.d4 Bg7 3.Nc3 d6 4.f4 Nf6 5.Nf3 O-O 6.Bd3 c5 7.dxc5 dxc5 8.e5 Nd5
9.Nxd5 Qxd5 10.Qe2 Nc6 11.Be4 Qd7 12.Be3 b6 13.O-O Bb7 14.Rad1 Qc7 15.Ng5 h6
16.Nh3 Na5 17.Bxb7 Qxb7 18.f5 gxf5 19.Qh5 Qc6 20.Qh4 Qe6 21.Nf4 Qxe5  0-1

[Event "Waling Dijkstra GpA"]
[Site "Leeuwarden NED"]
[Date "2009.11.14"]
[Round "2"]
[White "Abma,K"]
[Black "Lanchava,T"]
[Result "0-1"]
[WhiteElo "1977"]
[BlackElo "2350"]

1.d4 d6 2.e4 g6 3.Nc3 Bg7 4.Nf3 Nf6 5.Be3 c6 6.Bd3 O-O 7.Qd2 b5 8.h3 Nbd7
9.e5 Ne8 10.Bh6 dxe5 11.dxe5 Nc5 12.Bxg7 Kxg7 13.O-O Nc7 14.a4 Bf5 15.axb5 Bxd3
16.cxd3 Nb3 17.Qe3 Nxa1 18.Rxa1 cxb5 19.Rxa7 b4 20.Rxa8 Qxa8 21.Ne2 Qa1+
22.Qc1 Ra8 23.Nfd4 Ra2 24.b3 Qxc1+ 25.Nxc1 Ra1 26.Ne2 Nd5 27.Kh2 Nc3 28.Kg3  0-1

[Event "Las Americas Open"]
[Site "Medellin COL"]
[Date "2009.11.16"]
[Round "8"]
[White "Gallego Alcaraz,A"]
[Black "Sanabria Rangel,S"]
[Result "0-1"]
[WhiteElo "2380"]
[BlackElo "2187"]

1.e4 g6 2.d4 Bg7 3.Nc3 d6 4.Be3 Nf6 5.Nf3 O-O 6.Qd2 Ng4 7.Bg5 h6 8.Bh4 a6
9.Bd3 Nc6 10.h3 Nf6 11.d5 Ne5 12.Nxe5 dxe5 13.O-O-O Qd6 14.g4 b5 15.g5 hxg5
16.Bxg5 Rd8 17.Rdg1 b4 18.Ne2 c6 19.dxc6 Qxc6 20.Kb1 a5 21.h4 Ba6 22.Bxf6 exf6
23.Ng3 b3 24.axb3 Bxd3 25.cxd3 a4 26.b4 a3 27.Qc3 Qa4 28.b3 Qa7 29.h5 Rac8
30.Qd2 Qd4 31.Ka2 Rc3 32.Rd1 Rxd3  0-1

[Event "Espacio ENDESA ITTGM"]
[Site "Santiago CHI"]
[Date "2009.11.20"]
[Round "7"]
[White "Garcia Cardenas,P"]
[Black "Valiente,C"]
[Result "1-0"]
[WhiteElo "2306"]
[BlackElo "2240"]

1.e4 g6 2.d4 Bg7 3.Nc3 d6 4.f4 a6 5.Nf3 b5 6.Bd3 e6 7.O-O Ne7 8.Be3 O-O 9.Ne2 Nd7
10.c3 c5 11.Qd2 cxd4 12.Bxd4 e5 13.Be3 Bb7 14.Bc2 exf4 15.Bxf4 Ne5 16.Nxe5 dxe5
17.Qxd8 Raxd8 18.Be3 f5 19.Bc5 Bf6 20.Rad1 Kg7 21.exf5 gxf5 22.Bxf5 Rxd1
23.Rxd1 Nxf5 24.Bxf8+ Kxf8 25.Rf1 Be4 26.g4 Bd8 27.Rxf5+ Bxf5 28.gxf5 Kf7
29.Kf2 Kf6 30.Ng3 Kg5 31.Kf3 h5 32.Ke4 Bf6 33.Nf1 Kg4 34.Nd2 Kh3 35.Nf3 h4
36.b3 Kg2 37.Nxh4+ Bxh4 38.c4 bxc4 39.bxc4 Bf6 40.c5  1-0

[Event "Espacio ENDESA ITTGM"]
[Site "Santiago CHI"]
[Date "2009.11.22"]
[Round "9"]
[White "Llorens Sepulveda,M"]
[Black "Valiente,C"]
[Result "1-0"]
[WhiteElo "2347"]
[BlackElo "2240"]

1.e4 g6 2.d4 Bg7 3.Nc3 d6 4.Be3 c6 5.Qd2 b5 6.Bd3 Nd7 7.Nf3 Ngf6 8.Bh6 O-O
9.h4 Bxh6 10.Qxh6 Ng4 11.Qd2 h5 12.Ng5 e5 13.Ne2 c5 14.f3 c4 15.fxg4 cxd3
16.Ng3 exd4 17.gxh5 Ne5 18.cxd3 Bg4 19.O-O f6 20.Nf3 Bxf3 21.gxf3 f5 22.hxg6 fxe4
23.Qh6 Qe7 24.fxe4 Qg7 25.Qxg7+ Kxg7 26.h5 Kh6 27.Rxf8 Rxf8 28.Rf1 Rd8 29.Kh2 Nxd3
30.Kh3 Ne5 31.Kh4 Kg7 32.Kg5 d3 33.h6+ Kh8 34.Nh5  1-0

[Event "ch-RSA"]
[Site "Cape Town RSA"]
[Date "2009.11.29"]
[Round "4"]
[White "Mabusela,J"]
[Black "De Villiers,C"]
[Result "1-0"]
[WhiteElo "2270"]
[BlackElo "2274"]

1.e4 g6 2.d4 Bg7 3.Nc3 d6 4.Be3 a6 5.Nf3 Nf6 6.Qd2 b5 7.Bh6 O-O 8.Bxg7 Kxg7
9.Bd3 Bb7 10.h4 h5 11.Qf4 Ng4 12.Ng5 Nc6 13.f3 e5 14.dxe5 dxe5 15.Qd2 Nf6
16.O-O-O Qe7 17.g4 Rh8 18.gxh5 Rxh5 19.Rdg1 Nb4 20.Be2 Qd6 21.f4 Rh6 22.fxe5 Qxd2+
23.Kxd2 Nh5 24.Bxh5 Rxh5 25.Rf1 Rf8 26.Rf4 Nc6 27.Rhf1 Rd8+ 28.Kc1 Nxe5 29.Nxf7 Rd7
30.Ng5 Rd6 31.Rf8 Rxh4 32.Re8 Nc4 33.e5 Rd2 34.Ne6+  1-0

[Event "Open"]
[Site "Figueira da Foz POR"]
[Date "2009.12.02"]
[Round "5"]
[White "Redondo Arguelles,Gr"]
[Black "Dzhumaev,M"]
[Result "1-0"]
[WhiteElo "2062"]
[BlackElo "2535"]

1.e4 g6 2.d4 Bg7 3.Nc3 d6 4.Nf3 Nf6 5.Be2 O-O 6.O-O c6 7.a4 Nbd7 8.h3 e5
9.dxe5 dxe5 10.b3 Re8 11.Ba3 Bf8 12.Bxf8 Rxf8 13.Qd6 Ne8 14.Qd2 Qa5 15.Nd5 Qxd2
16.Ne7+ Kg7 17.Nxd2 Nc5 18.Nxc8 Rxc8 19.Nc4 Kf6 20.f3 Rd8 21.Rad1 Nc7 22.Rxd8 Rxd8
23.Rd1 Rxd1+ 24.Bxd1 Ke6 25.Be2 b6 26.Kf2 f6 27.Ke3 Ne8 28.g3 g5 29.f4 exf4+
30.gxf4 Ng7 31.Bg4+ f5 32.exf5+ Kf6 33.fxg5+ Kxg5 34.Nd6 h5 35.Bf3 a5 36.Bxc6 Nxf5+
37.Nxf5 Kxf5 38.Kd4 Na6 39.c3 h4 40.Kd5 Kf4 41.Bb5 Nc5 42.b4 Ne4 43.bxa5 bxa5
44.Kd4 Nf6 45.Ba6 Ne8 46.Bc8 Nd6 47.Bd7 Kg5 48.c4 Kf6 49.c5 Nf7 50.Kd5 Ke7
51.Bf5 Kd8 52.Kc6 Ne5+ 53.Kb5 Kc7 54.Kxa5 Nf3 55.Kb4 Nd4 56.Be4 Ne6 57.Kc4 Ng5
58.Bf5 Nf3 59.Kd5 Nd2 60.a5 Nf1 61.a6 Ne3+ 62.Ke4 Nc4 63.Kf4 Kb8 64.Kg5 Na5
65.Kxh4 Nb3 66.c6 Nd4 67.Be4 Ne6 68.Kg4 Ka7 69.h4 Kxa6 70.Kf5 Ng7+ 71.Kg6 Ne6
72.h5  1-0

[Event "ch-IND National A"]
[Site "Mumbai IND"]
[Date "2009.12.04"]
[Round "4"]
[White "Deepan,C"]
[Black "Akshayraj,K"]
[Result "0-1"]
[WhiteElo "2518"]
[BlackElo "2394"]

1.e4 g6 2.d4 Bg7 3.Nc3 d6 4.Nf3 c6 5.a4 Nf6 6.Bg5 Qa5 7.Bd3 Nbd7 8.O-O O-O
9.Qd2 e5 10.Rfe1 Re8 11.Bf1 Nf8 12.h3 Ne6 13.Bxf6 Bxf6 14.Nd5 Qd8 15.Nxf6+ Qxf6
16.dxe5 dxe5 17.Qd6 Kg7 18.a5 Nf4 19.Qa3 g5 20.Rad1 Be6 21.Rd6 Rad8 22.Rxd8 Rxd8
23.Qc3 Ng6 24.Qe3 g4 25.hxg4 Bxg4 26.Nh2 h5 27.Qxa7 Rd2 28.Bd3 Nf4 29.Qe3 Qg5
30.Kh1 Kg6 31.g3 Nxd3 32.f4 Nf2+ 33.Kg1 Qd8 34.fxe5 Nh3+ 35.Kh1 Qd4  0-1

[Event "New Years All-Ukrainian Open"]
[Site "Poltava UKR"]
[Date "2009.12.07"]
[Round "5"]
[White "Solovchuk,A"]
[Black "Matjushin,G"]
[Result "0-1"]
[WhiteElo "2294"]
[BlackElo "2466"]

1.e4 g6 2.d4 Bg7 3.Nc3 d6 4.Be3 a6 5.Qd2 b5 6.a4 b4 7.Nd1 a5 8.f3 Nd7 9.Bb5 Bb7
10.d5 Rc8 11.Ne2 c6 12.dxc6 Bxc6 13.Nd4 Bb7 14.c3 bxc3 15.Nxc3 Nf6 16.O-O O-O
17.Nb3 Ra8 18.Rfd1 Ba6 19.Qe2 Bb7 20.Qf2 Qb8 21.g4 Ne5 22.g5 Ne8 23.Qe2 f5
24.f4 Ng4 25.exf5 gxf5 26.Nd5 Bxd5 27.Rxd5 Nc7 28.Bc4 Nxd5 29.Bxd5+ Kh8 30.Bxa8 Qxb3
31.Ra3 Qxb2  0-1

[Event "Open"]
[Site "Pilsen CZE"]
[Date "2009.12.10"]
[Round "7"]
[White "Folk,P"]
[Black "Nguyen,P"]
[Result "0-1"]
[WhiteElo "2197"]
[BlackElo "2353"]

1.e4 g6 2.d4 Bg7 3.Nc3 d6 4.f4 a6 5.Nf3 b5 6.Bd3 Bb7 7.O-O Nd7 8.Be3 c5 9.a3 Ngf6
10.dxc5 Ng4 11.Bd4 Bxd4+ 12.Nxd4 Ne3 13.Qe2 Nxf1 14.c6 Bxc6 15.Nxc6 Qb6+
16.Kxf1 Qxc6 17.e5 Nc5 18.Rd1 O-O 19.Qe3 dxe5 20.Qxe5 Rad8 21.Be2 e6 22.Bf3 Rxd1+
23.Nxd1 Qb6 24.Nf2 Nd7 25.Qc3 Qc5 26.Qxc5 Nxc5 27.b4 Na4 28.Bb7 Nc3 29.Nd3 Nb1
30.Bxa6 Nxa3 31.c3 Rd8 32.Nc5 Rd2 33.Ne4 Rc2 34.g4 f5 35.gxf5 exf5 36.Nd6 Rxc3
37.Nxb5 Nxb5 38.Bxb5 Rf3+  0-1

[Event "FSIM December"]
[Site "Budapest HUN"]
[Date "2009.12.11"]
[Round "7"]
[White "Szalanczy,E"]
[Black "Parkanyi,A"]
[Result "0-1"]
[WhiteElo "2295"]
[BlackElo "2317"]

1.e4 g6 2.d4 Bg7 3.Nc3 d6 4.Bg5 a6 5.f4 b5 6.Nf3 Bb7 7.Bd3 Nf6 8.e5 Nd5 9.Nxd5 Bxd5
10.a4 O-O 11.O-O c5 12.axb5 c4 13.Be2 axb5 14.Rxa8 Bxa8 15.Bh4 dxe5 16.dxe5 Qc7
17.Qd4 Rd8 18.Qe3 Na6 19.Ra1 Bb7 20.Bf2 Nb4 21.Qb6 Qxb6 22.Bxb6 Ra8 23.Rxa8+ Bxa8
24.Bc5 Nxc2 25.Kf2 f6 26.Bxe7 Bxf3 27.Bxf3 fxe5 28.Bd5+ Kh8 29.fxe5 Bxe5
30.b3 c3 31.Kf3 h6 32.Ke4 Bg7 33.Kd3 Na1 34.Ba3 Bf6 35.b4 c2 36.Bc6 Nb3 37.Bxb5 c1=Q
38.Bxc1 Nxc1+ 39.Kc4 Ne2 40.Bc6 Kg7 41.b5 Be5 42.h3 Kf6 43.b6 Nf4 44.b7 Bb8
45.Kc5 g5 46.Kc4 h5 47.Bf3 h4 48.Bc6 Ba7 49.Bf3 Ng6 50.Bh5 Ne7 51.Kd3 Kf5
52.Bf3 Kf4  0-1

[Event "Open"]
[Site "Pilsen CZE"]
[Date "2009.12.11"]
[Round "8"]
[White "Horyna,J"]
[Black "Hajek,Ji3"]
[Result "1-0"]
[WhiteElo "1927"]
[BlackElo "1840"]

1.e4 g6 2.d4 Bg7 3.Nc3 d6 4.h3 Nf6 5.Nf3 O-O 6.Bc4 Nxe4 7.Bxf7+ Rxf7 8.Nxe4 h6
9.O-O Qf8 10.Nh2 Nc6 11.c3 b6 12.Be3 d5 13.Ng3 Ba6 14.Re1 e5 15.dxe5 Nxe5
16.Bxh6 Nd3 17.Bxg7 Kxg7 18.Re3 Nxf2 19.Qd4+ Kh7 20.Qh4+ Kg7 21.Qd4+ Kh7
22.Qxd5 Rd8 23.Qe5 Nd3 24.Qe4 Nc5 25.Qh4+ Kg7 26.Nf3 Qh8 27.Qxh8+ Kxh8 28.Rae1 Bb7
29.Re8+ Rxe8 30.Rxe8+ Kg7 31.Ng5 Bc6 32.Re5 Rd7 33.Re2 Kf6 34.N5e4+ Nxe4
35.Nxe4+ Bxe4 36.Rxe4 a5 37.Kf2 Rd3 38.a4 Rd2+ 39.Re2 Rd3 40.Ke1 Rd5 41.Rd2 Re5+
42.Kd1 Re4 43.b3 Re3 44.Kc2 Ke6 45.Rf2 Rg3 46.Rd2 Ke7 47.Kb2 Ke6 48.Rc2 Ke7
49.b4 Kd6 50.Rd2+ Kc6 51.bxa5 bxa5 52.Kb3 Kc5 53.Re2 Kc6 54.Kc4 Kb6 55.Rf2 c6
56.Rb2+ Kc7 57.Kd4 Kd6 58.Rf2 Ke6 59.Rd2 Kd6 60.Kc4+ Kc7 61.Rf2 Kb6 62.Kd4 Kc7
63.c4 Kd7 64.Kc5 Ra3 65.Rf6 g5 66.Rd6+ Ke7 67.Rxc6 Rxa4 68.Rg6 Ra1 69.Rxg5 a4
70.Rg7+ Kf6 71.Ra7 a3 72.Kc6 a2 73.c5 Kg5 74.Ra4 Kf5 75.h4 Ke6 76.g4 Kf6
77.Ra7 Kg6 78.Ra6 Kg7 79.g5 Kg6 80.Kc7+ Kh5 81.c6 Kxh4 82.g6 Kh5 83.g7 Rg1
84.Rxa2 Rxg7+ 85.Kb6  1-0

[Event "ch-VIE Women Masters"]
[Site "Ho Chi Minh City VIE"]
[Date "2009.12.12"]
[Round "4"]
[White "Nguyen Thi Tuong Van"]
[Black "Huynh Thi Hong Suong"]
[Result "1-0"]
[WhiteElo "2246"]
[BlackElo "1830"]

1.e4 d6 2.d4 g6 3.Nc3 Bg7 4.Be3 e6 5.Qd2 h6 6.O-O-O Ne7 7.f3 Nd7 8.Kb1 a6
9.Nge2 b5 10.a3 Rb8 11.Nc1 c6 12.g4 a5 13.Nb3 Qc7 14.f4 a4 15.Nc1 Qa5 16.e5 b4
17.Ne4 d5 18.Nd6+ Kf8 19.Nd3 Ba6 20.Nxb4 Bxf1 21.Rhxf1 c5 22.dxc5 Nxc5 23.Bxc5 Qxc5
24.Na6 Rxb2+ 25.Kxb2 Qxd6 26.Nb4 Nc8 27.Qd4 Qc7 28.Rf3 Nb6 29.Rc3 Nc4+ 30.Rxc4 dxc4
31.Qd8+ Qxd8 32.Rxd8+ Ke7 33.Nc6+  1-0

[Event "ch-IND National A"]
[Site "Mumbai IND"]
[Date "2009.12.13"]
[Round "12"]
[White "Abhay,T"]
[Black "Koshy,V"]
[Result "1-0"]
[WhiteElo "2343"]
[BlackElo "2280"]

1.e4 d6 2.d4 g6 3.Nc3 Bg7 4.Be3 c6 5.Qd2 Nd7 6.h4 h5 7.Nh3 Ngf6 8.f3 b5 9.Bd3 Bb7
10.a4 a6 11.Ng5 e5 12.d5 cxd5 13.Nxd5 Nxd5 14.exd5 O-O 15.g4 Nf6 16.O-O-O Qd7
17.Rdg1 Nxd5 18.gxh5 Nxe3 19.Qxe3 Bh6 20.Kb1 Rab8 21.Qf2 f5 22.hxg6 Bd5 23.a5 Rf6
24.Nh7 Kg7 25.Nxf6 Kxf6 26.g7 Rg8 27.h5 Rxg7 28.Rxg7 Qxg7 29.Rg1 Bg5 30.f4  1-0

[Event "FSIM December"]
[Site "Budapest HUN"]
[Date "2009.12.14"]
[Round "10"]
[White "Chan,Mark"]
[Black "Parkanyi,A"]
[Result "0-1"]
[WhiteElo "2286"]
[BlackElo "2317"]

1.e4 g6 2.d4 Bg7 3.Nc3 d6 4.f4 a6 5.Nf3 b5 6.Bd3 Bb7 7.O-O Nd7 8.e5 e6 9.Be3 Ne7
10.Ne4 Nd5 11.Bd2 O-O 12.Qe2 N7b6 13.g4 f5 14.gxf5 exf5 15.Neg5 Qe7 16.b3 h6
17.Nh3 b4 18.Qg2 dxe5 19.dxe5 Qe8 20.Qg3 Qc6 21.Rf2 Nc3 22.Bxc3 bxc3 23.Raf1 Rad8
24.Rc1 Rxd3 25.cxd3 Rd8 26.Kh1 Rxd3 27.Ng1 Nd5 28.Rg2 Ne7 29.h4 Rxf3 30.Nxf3 Qxf3
31.Qxf3 Bxf3 32.Rxc3 Bxg2+ 33.Kxg2 Nd5 34.Rc6 Nxf4+ 35.Kf3 Bxe5 36.Rxa6 Kg7
37.a4 g5 38.hxg5 hxg5 39.a5 g4+ 40.Kf2 Ng6 41.Rc6 Bd4+ 42.Kf1 g3 43.Rxc7+ Kh6
44.Rc4 Nf4 45.Rxd4 g2+ 46.Kf2 g1=Q+ 47.Kxg1 Ne2+ 48.Kf2 Nxd4 49.a6 Nb5 50.b4 Kg5
51.Kg3 f4+ 52.Kf3 Kf5 53.Kf2 Kg4 54.Kg2 f3+ 55.Kf2 Kf4 56.Kf1 Ke3 57.Ke1 f2+
58.Kf1 Na7  0-1

[Event "London Classic FIDE Open"]
[Site "London ENG"]
[Date "2009.12.14"]
[Round "8"]
[White "Rendle,T"]
[Black "Williams,Si1"]
[Result "0-1"]
[WhiteElo "2382"]
[BlackElo "2550"]

1.e4 g6 2.d4 Bg7 3.Nc3 d6 4.Be3 a6 5.Qd2 Nd7 6.h4 h5 7.Nh3 b5 8.Ng5 Nb6 9.a4 b4
10.Nd1 a5 11.Bd3 Ba6 12.Bxa6 Rxa6 13.Qe2 Ra8 14.O-O d5 15.Qb5+ Qd7 16.Qxd7+ Nxd7
17.exd5 Nb6 18.c3 Nf6 19.cxb4 axb4 20.b3 Nbxd5 21.Rc1 O-O 22.Rc4 Nd7 23.Nb2 c5
24.Nd3 N5b6 25.Rcc1 cxd4 26.Bd2 Nd5 27.Nxb4 Nc3 28.Bxc3 dxc3 29.Nd5 Nc5 30.Nxe7+ Kh8
31.Rb1 Rab8 32.a5 Rxb3 33.a6 Rxb1 34.Rxb1 Nxa6 35.Rb6 c2 36.Rc6 Nb4 37.Rc8 Bh6
38.Rc4 Bxg5 39.hxg5 Re8  0-1

[Event "Tch-SLO League"]
[Site "Rogaska Slatina SLO"]
[Date "2009.12.14"]
[Round "6"]
[White "Skoberne,J"]
[Black "Navinsek,T"]
[Result "1-0"]
[WhiteElo "2498"]
[BlackElo "2292"]

1.e4 g6 2.d4 Bg7 3.Nc3 d6 4.Be3 a6 5.a4 Nc6 6.Nge2 e5 7.a5 Nf6 8.d5 Ne7 9.f3 c6
10.dxc6 bxc6 11.Bb6 Qd7 12.g3 c5 13.Qd2 Bb7 14.h4 Qc6 15.O-O-O Nc8 16.g4 Nxb6
17.axb6 Rd8 18.g5 Nh5 19.Nd5 Qa4 20.Nc7+ Kf8 21.Kb1 h6 22.Bh3 hxg5 23.hxg5 Kg8
24.Nd5 Bxd5 25.Qxd5 Nf4 26.Nxf4 exf4 27.e5 Qb4 28.b7 Rb8 29.c3 Qxb7 30.Qxb7 Rxb7
31.exd6 Rb8 32.d7 Rd8 33.Bg4 Rxh1 34.Rxh1 Be5 35.Re1 Bc7 36.Re8+ Kg7 37.Kc2 c4
38.Re4 Kf8 39.Rxc4 Bd6 40.Rd4 Be7 41.Rd5 Rb8 42.Bh3 Bd8 43.Bf1 Rb6 44.b4 Ke7
45.Bc4 Re6 46.Rd4 Re5 47.Rxf4 Kxd7 48.Bxa6 Rxg5 49.Rxf7+ Kd6 50.Bd3 Rg2+
51.Kb3 g5 52.Bf5 Bb6 53.c4 Bd4 54.Rd7+ Ke5 55.Rd5+ Kf4 56.Rxd4+ Kxf5 57.c5  1-0

[Event "London Classic FIDE Open"]
[Site "London ENG"]
[Date "2009.12.15"]
[Round "9"]
[White "Friedland,J"]
[Black "Shaw,Robi"]
[Result "1-0"]
[WhiteElo "2162"]
[BlackElo "1822"]

1.e4 g6 2.d4 Bg7 3.Nc3 d6 4.h3 Nd7 5.Nf3 c5 6.d5 Ngf6 7.a4 O-O 8.Be2 Ne8
9.O-O Ne5 10.Nxe5 Bxe5 11.Bh6 Ng7 12.Qd2 f5 13.Rae1 f4 14.Bf3 Bd7 15.Ne2 Bxa4
16.b3 Bd7 17.Nxf4 Bxf4 18.Bxf4 g5 19.Bg3 Rxf3 20.gxf3 Bxh3 21.Qxg5 e5 22.Qh6 Bxf1
23.Kxf1 Qd7 24.Kg2 Kf7 25.Qxh7 Rg8 26.Rh1 Kf8 27.Rh6 Qe7 28.Rg6 b6 29.Bh4 Qf7
30.Kf1 Qd7 31.Rf6+  1-0

[Event "London Classic FIDE Open"]
[Site "London ENG"]
[Date "2009.12.15"]
[Round "9"]
[White "Yeo,M"]
[Black "Rudd,J"]
[Result "1/2-1/2"]
[WhiteElo "2153"]
[BlackElo "2296"]

1.e4 d6 2.d4 g6 3.Nc3 Bg7 4.f4 Nf6 5.e5 Nfd7 6.Nf3 O-O 7.h4 c5 8.h5 cxd4
9.Qxd4 Nc6 10.Qf2 dxe5 11.hxg6 fxg6 12.Bc4+ e6 13.Bxe6+ Kh8 14.Ng5 Nf6 15.Nf7+ Rxf7
16.Bxf7 Bf5 17.Bb3 Qe7 18.O-O Rd8 19.Be3 Ng4 20.Bc5 Qe8 21.Qe1 b6 22.Bf2 e4
23.Ne2 e3 24.Bh4 Rd2 25.Rd1 Qd7 26.c3 Be4 27.Rxd2 exd2 28.Qg3 Na5 29.f5 Bxf5
30.Qb8+ Qc8 31.Qxc8+ Bxc8 32.Bg5 Ba6 33.c4 Nxc4 34.Rd1 Bf8 35.Bxc4 Bc5+ 36.Kh1 Bxc4
37.Rxd2 Nf2+ 38.Kh2 Ne4 39.Rd8+ Kg7 40.b4 Bf2 41.Rd7+ Kf8 42.Bh6+ Ke8 43.Rxa7 Bxe2
44.Rxh7 Bc4 45.a4 Be1 46.Be3 Bxb4 47.Bxb6 g5 48.a5 g4 49.Ra7 g3+ 50.Kh1 Be1
51.a6 Bf2 52.Ra8+ Ke7 53.Rc8 Bxa6 54.Rc7+ Kd6 55.Ba5 Bc5 56.Rg7 Bc4 57.Bc7+ Ke6
58.Rxg3 Nxg3+ 59.Bxg3 Kf5 60.Kh2 Be2 61.Bc7 Bf2 62.Bg3 Be3 63.Bc7 Ke4 64.Kg3 Bf1
65.Bd6 Kd3 66.Bf4 Bd4 67.Kf3 Be2+ 68.Kg3 Bd1 69.Bc7 Ke2 70.Kf4  1/2-1/2

[Event "Open Ch-Skopje"]
[Site "Skopje MKD"]
[Date "2009.12.16"]
[Round "5"]
[White "Menkinoski,R"]
[Black "Simjanovski,S"]
[Result "1/2-1/2"]
[WhiteElo "2326"]
[BlackElo "2249"]

1.e4 g6 2.d4 Bg7 3.Nc3 d6 4.f4 Nf6 5.Nf3 O-O 6.Bd3 Na6 7.O-O c5 8.d5 Qa5
9.Qe2 Nb4 10.Bc4 e6 11.dxe6 Bxe6 12.Bxe6 fxe6 13.e5 dxe5 14.Nxe5 Qa6 15.Qxa6 bxa6
16.Be3 Nxc2 17.Bxc5 Rfc8 18.Rac1 Rxc5 19.Rxc2 Nd5 20.Re2 Nxf4 21.Rxf4 Rxe5
22.Rxe5 Bxe5 23.Re4 Bxc3 24.bxc3 Kf7 25.Ra4 Kf6 26.Rxa6 h5 27.Kf2 Rc8 28.Rxa7 Rxc3
29.a4 Ra3 30.a5 Kf5 31.a6  1/2-1/2